<?xml version="1.0" encoding="UTF-8"?>
<record
    xmlns:xsi="http://www.w3.org/2001/XMLSchema-instance"
    xsi:schemaLocation="http://www.loc.gov/MARC21/slim http://www.loc.gov/standards/marcxml/schema/MARC21slim.xsd"
    xmlns="http://www.loc.gov/MARC21/slim">

  <leader>00315nam a22001337a 4500</leader>
  <controlfield tag="008">260427b        |||||||| |||| 00| 0 eng d</controlfield>
  <datafield tag="020" ind1=" " ind2=" ">
    <subfield code="a">978-9364446570</subfield>
  </datafield>
  <datafield tag="082" ind1=" " ind2=" ">
    <subfield code="a">002022</subfield>
  </datafield>
  <datafield tag="100" ind1=" " ind2=" ">
    <subfield code="a">Singh,Ramesh</subfield>
  </datafield>
  <datafield tag="245" ind1=" " ind2=" ">
    <subfield code="a">Indian Economy Courseware</subfield>
  </datafield>
  <datafield tag="260" ind1=" " ind2=" ">
    <subfield code="a">Chennai</subfield>
    <subfield code="b">McGraw Hill</subfield>
    <subfield code="c">2026</subfield>
  </datafield>
  <datafield tag="300" ind1=" " ind2=" ">
    <subfield code="a">591p</subfield>
  </datafield>
  <datafield tag="942" ind1=" " ind2=" ">
    <subfield code="2">ddc</subfield>
  </datafield>
  <datafield tag="999" ind1=" " ind2=" ">
    <subfield code="c">1336</subfield>
    <subfield code="d">1336</subfield>
  </datafield>
  <datafield tag="952" ind1=" " ind2=" ">
    <subfield code="0">0</subfield>
    <subfield code="1">0</subfield>
    <subfield code="2">ddc</subfield>
    <subfield code="4">0</subfield>
    <subfield code="6">002022_000000000000000</subfield>
    <subfield code="7">0</subfield>
    <subfield code="9">1627</subfield>
    <subfield code="a">KSU</subfield>
    <subfield code="b">KSU</subfield>
    <subfield code="c">GEN</subfield>
    <subfield code="d">2026-03-31</subfield>
    <subfield code="e">Book Paradise</subfield>
    <subfield code="i">11654</subfield>
    <subfield code="l">0</subfield>
    <subfield code="o">002022</subfield>
    <subfield code="p">002022</subfield>
    <subfield code="r">2026-04-27</subfield>
    <subfield code="w">2026-04-27</subfield>
    <subfield code="y">BK</subfield>
  </datafield>
  <datafield tag="952" ind1=" " ind2=" ">
    <subfield code="0">0</subfield>
    <subfield code="1">0</subfield>
    <subfield code="2">ddc</subfield>
    <subfield code="4">0</subfield>
    <subfield code="6">002022_000000000000000</subfield>
    <subfield code="7">0</subfield>
    <subfield code="9">1628</subfield>
    <subfield code="a">KSU</subfield>
    <subfield code="b">KSU</subfield>
    <subfield code="c">GEN</subfield>
    <subfield code="d">2026-03-31</subfield>
    <subfield code="e">Book Paradise</subfield>
    <subfield code="i">11654</subfield>
    <subfield code="l">0</subfield>
    <subfield code="o">002022</subfield>
    <subfield code="p">002023</subfield>
    <subfield code="r">2026-04-27</subfield>
    <subfield code="w">2026-04-27</subfield>
    <subfield code="y">BK</subfield>
  </datafield>
  <datafield tag="952" ind1=" " ind2=" ">
    <subfield code="0">0</subfield>
    <subfield code="1">0</subfield>
    <subfield code="2">ddc</subfield>
    <subfield code="4">0</subfield>
    <subfield code="6">002022_000000000000000</subfield>
    <subfield code="7">0</subfield>
    <subfield code="9">1629</subfield>
    <subfield code="a">KSU</subfield>
    <subfield code="b">KSU</subfield>
    <subfield code="c">GEN</subfield>
    <subfield code="d">2026-03-31</subfield>
    <subfield code="e">Book Paradise</subfield>
    <subfield code="i">11654</subfield>
    <subfield code="l">0</subfield>
    <subfield code="o">002022</subfield>
    <subfield code="p">002024</subfield>
    <subfield code="r">2026-04-27</subfield>
    <subfield code="w">2026-04-27</subfield>
    <subfield code="y">BK</subfield>
  </datafield>
</record>
